000 00786cam a2200241 i 4500
999 _c22636
_d22636
001 22636
003 Mx-PuUPA
005 20230503090603.0
008 140415s1985 xxu r 000 0 eng d
020 _a0256034648
040 _aMX-PuUPA
_bspa
_erda
_cMx-PuUPA
_dMx-PuUPA
041 0 _aeng
100 1 _aMcAdams, Dan P.,
_eautor
_95319
245 1 0 _aPower, intimacy, and the life story :
_bpersonological inquiries into identity /
_cDan P. McAdams.
264 1 _aIllinois :
_bThe Dorsey Press,
_c1985
300 _axi, 336 páginas ;
_c24 cm.
336 _atexto
_2rdacontent
_btxt
337 _asin medio
_2rdamedia
_bn
338 _avolumen
_2rdacarrier
_bnc
650 4 _aPersonalidad
_xPsicologĂ­a
942 _2ddc
_cLI
_h155.2
_iM4788